000 00647nam a2200193Ia 4500
999 _c35174
_d35174
003 GCL
005 20240530102905.0
008 140319s9999 xx 000 0 ara d
040 _aGCL /
_cGCL
082 0 4 _a091.1
_bم ت
100 1 _aمحمد عيسى صالحية
245 1 0 _aتغريب التراث العربى بين الدبلوماسية والتجارة :
_bالحقبة اليمانية /
_cمحمد عيسى صالحية
260 _aبيروت :
_bدار الحداثة
300 _a446 ص ؛
_c24 سم
650 0 4 _aالتاريخ
650 0 4 _aالمخطوطات
650 0 4 _aالكتب النادرة
942 _2ddc
_cBK